| 000 | 02262cam a22004814i 4500 | ||
|---|---|---|---|
| 003 | PE-LiUPU | ||
| 005 | 20250731172941.0 | ||
| 008 | 150623s r 000 0 d | ||
| 020 | _a0385021771 | ||
| 035 | _a(Sirsi) i9780385021777 | ||
| 040 |
_aPE-LiUPU _bspa _cPE-LiUPU _erda |
||
| 049 | _aPRUA | ||
| 082 | 0 | 4 |
_a220.7 _bAB1965 _221 |
| 100 | 1 |
_aScott, R.B.Y., _eautor. |
|
| 245 | 1 | 0 |
_aProverbs, Ecclesiastes. _n18 / _cR. B. Y. Scott. |
| 264 | 1 |
_aNew York, N.Y. : _bDoubleday, _c1965. |
|
| 300 |
_a251 páginas ; _c24 centímetros |
||
| 336 |
_atext _2rdacontent |
||
| 337 |
_aunmediated _2rdamedia |
||
| 338 |
_avolume _2rdacarrier |
||
| 490 | 0 |
_aThe Anchor Bible ; _v18 |
|
| 504 | _aIncluye bibliografía. | ||
| 505 | 0 | _aProverbs. -Title, preface, and motto; the first discourse a poem. - Two poems and an expanded proverb. - The wise sayings of Solomon. - Thethirty precepts: One to five. - The thirty precepts: Nineten to thirty. - Fourter sayings of the sages. - Fourther wise sayings of Solomon. - Dialoge with a skeptic. -Ecclesiastes. - Title of the book; the thesis of the writer. - There is nothing new under the sun. - The futility of human effort and wisdom. - Everything happens at the time God decress for it. - The fact of injustice proves tha man is only a mortal animal. - Man's life is both fated and incomprehensible. - Seven proverbs, with qoheleth's comments. - The frustrating search for wisdom. - A miscellany of precepts, provers, and reflections on life. | |
| 526 | _aSEG42 | ||
| 526 | _aSEG41 | ||
| 526 | _aSEG40 | ||
| 526 | _aSEG39 | ||
| 526 | _aP94 | ||
| 526 | _aP87 | ||
| 526 | _aP86 | ||
| 526 | _aP85 | ||
| 526 | _aP77 | ||
| 526 | _aP76 | ||
| 526 | _aP35 | ||
| 630 |
_aBiblia. _pA.T. _pEclesiastés _xComentarios. |
||
| 630 |
_aBiblia. _pA.T. _pProverbios _xComentarios. |
||
| 942 |
_2ddc _cBOOK |
||
| 949 |
_a220.7 AB 18 1965 _wDEWEY _c1 _i44557 _lCCODEBUL1 _mBUL _r0 _sY _tBOOK _u2015-6-24 _xTEOLOGIA _PP35 _0COMPRA _o.STAFF. Colección General |
||
| 994 |
_aC0 _bPEPRU |
||
| 596 | _a1 | ||
| 999 |
_a220.7 AB 18 1965 _wDEWEY _c21442 _i44557 _f2021-11-9 _g5 _lCCODEBUL1 _mBUL _r0 _sY _tBOOK _u2015-6-24 _xTEOLOGIA _PP35 _0COMPRA _o.STAFF. Colección General _d21442 |
||
| 980 |
_81 _gALBERTO SANCHEZ Responsable de Automatización |
||